000 00657nam a2200229Ia 4500
001 917
003 GE_BSU
008 181216s||||||||xx |||||||||||||| ||und||
020 _a501004725X
040 _cGE_BSU
080 _a81
245 _aЗаубежная лингвистика.II,,Новое В Лингвистике",,Новое В Зарубежной Лингвистике".
245 _bИзбранное
245 _cПер. с англ.
260 _aМосква
260 _b,,Прогресс
260 _c2002
300 _a268 с.
541 _h7 л.
653 _aЗарубежная лингвисеика.
942 _cBK
999 _c35076
_d35076